[Event "World Rapid Women 2021"]
[Site "Warsaw POL"]
[Date "2021.12.27"]
[Round "7.9"]
[White "Mammadova, Gulnar"]
[Black "Paramzina, Anastasya"]
[Result "1-0"]
[WhiteTitle "IM"]
[BlackTitle "WGM"]
[WhiteElo "2387"]
[BlackElo "2260"]
[WhiteFideId "13403508"]
[BlackFideId "4165012"]
[EventDate "2021.12.26"]

1. e4 c5 2. Nf3 d6 3. Bb5+ Nd7 4. a4 Nf6 5. Nc3 e6 6. O-O Be7 7. Re1 O-O 8. d4
cxd4 9. Nxd4 Qc7 10. Bf1 a6 11. a5 b5 12. axb6 Nxb6 13. Qf3 Bb7 14. Qg3 Rfc8 15.
Bh6 Bf8 16. Bg5 Nfd7 17. Bd3 Nc4 18. Na4 d5 19. exd5 Qxg3 20. hxg3 Bxd5 21. b3
Nce5 22. Bf1 Nc6 23. Ne2 Nb4 24. c4 Be4 25. Red1 Rc7 26. Nec3 Bc2 27. Rd2 Bxb3
28. Rb1 Bxa4 29. Nxa4 a5 30. Be2 Nc5 31. Bf3 Raa7 32. Nxc5 Bxc5 33. Rd8+ Bf8 34.
Rbd1 f6 35. Bf4 e5 36. Be3 Ra6 37. c5 Kf7 38. Bh5+ g6 39. Be2 Raa7 40. Bc4+ Kg7
41. Re8 Nc6 42. g4 Nd4 43. g5 fxg5 44. Rxd4 Bxc5 45. Rg8+ Kf6 46. Re4 Bxe3 47.
fxe3 a4 48. Rf8+ Kg7 49. Rf2 a3 50. Ba2 Rc1+ 51. Kh2 Rb7 52. Rxe5 Ra1 53. Bd5
Rb2 54. Rf7+ Kh6 55. Kg3 g4 56. Kxg4 Rb4+ 57. e4 Rg1 58. g3 a2 59. Bxa2 Rb2 60.
Ree7 Rxg3+ 61. Kxg3 Rxa2 62. Rxh7+ Kg5 63. Re5+ Kf6 64. Rb5 Re2 65. Kf3 Re1 66.
Ra7 1-0

[Event "World Rapid Women 2021"]
[Site "Warsaw POL"]
[Date "2021.12.27"]
[Round "7.10"]
[White "Batsiashvili, Nino"]
[Black "Efroimski, Marsel"]
[Result "1-0"]
[WhiteTitle "GM"]
[BlackTitle "IM"]
[WhiteElo "2491"]
[BlackElo "2429"]
[WhiteFideId "13602993"]
[BlackFideId "2810964"]
[EventDate "2021.12.26"]

1. d4 d5 2. c4 e6 3. Nc3 Nf6 4. Nf3 a6 5. cxd5 exd5 6. Bg5 Be6 7. e3 Nbd7 8. h3
Be7 9. Bd3 O-O 10. O-O c5 11. Rc1 c4 12. Bb1 b5 13. a3 Rb8 14. Ne5 Nxe5 15. dxe5
Nd7 16. Bxe7 Qxe7 17. f4 f5 18. Qf3 Nb6 19. Rcd1 Na4 20. Nxd5 Bxd5 21. Rxd5 Nxb2
22. e4 fxe4 23. Qxe4 Nd3 24. Bxd3 cxd3 25. Qxd3 b4 26. axb4 Qxb4 27. f5 Qb6+ 28.
Kh1 Qb3 29. Qd2 Rb5 30. Rxb5 Qxb5 31. Qf4 a5 32. f6 gxf6 33. exf6 Kh8 34. f7 Qb2
35. Re1 a4 36. Re8 Kg7 37. Qg5+ Kxf7 38. Re7# 1-0

[Event "World Rapid Women 2021"]
[Site "Warsaw POL"]
[Date "2021.12.27"]
[Round "7.11"]
[White "Bivol, Alina"]
[Black "Danielian, Elina"]
[Result "1/2-1/2"]
[WhiteTitle "IM"]
[BlackTitle "GM"]
[WhiteElo "2368"]
[BlackElo "2441"]
[WhiteFideId "4100123"]
[BlackFideId "13300210"]
[EventDate "2021.12.26"]

1. e4 c6 2. d4 d5 3. exd5 cxd5 4. Bd3 Nc6 5. c3 Nf6 6. Ne2 g6 7. O-O Bg7 8. Bf4
O-O 9. Nd2 Bg4 10. h3 Bxe2 11. Qxe2 Re8 12. Nf3 e6 13. Ne5 Nxe5 14. Bxe5 a6 15.
a4 Nd7 16. Bg3 Rc8 17. Qd1 Qb6 18. Ra2 e5 19. dxe5 Bxe5 20. Bxe5 Nxe5 21. Bc2
Qc5 22. Ra1 d4 23. cxd4 Qxc2 24. dxe5 Rxe5 25. Qd7 Rc7 26. Qd8+ Kg7 27. Rae1
Rxe1 28. Qd4+ Re5 29. Qxe5+ Kg8 30. Re1 Qc5 31. Qf6 Qc6 32. Qe5 Qc5 33. Qf6 Qc6
34. Qg5 Kg7 35. Qe5+ Kg8 36. Re3 Qc1+ 37. Kh2 Qc5 38. Qf4 Rc8 39. Rc3 Qf8 40.
Rd3 Qe7 41. Re3 Ra8 1/2-1/2

[Event "World Rapid Women 2021"]
[Site "Warsaw POL"]
[Date "2021.12.27"]
[Round "7.12"]
[White "Doluhanova, Evgeniya"]
[Black "Gaponenko, Inna"]
[Result "1/2-1/2"]
[WhiteTitle "WGM"]
[BlackTitle "IM"]
[WhiteElo "2264"]
[BlackElo "2347"]
[WhiteFideId "14112035"]
[BlackFideId "14101181"]
[EventDate "2021.12.26"]

1. e4 g6 2. d4 Bg7 3. Nf3 c5 4. c3 cxd4 5. cxd4 d5 6. exd5 Nf6 7. Nc3 Nxd5 8.
Bc4 Nb6 9. Bb3 Nc6 10. O-O O-O 11. Be3 Na5 12. Bc2 Nbc4 13. Qe2 Nxe3 14. fxe3 b6
15. b4 Nc6 16. Be4 Bb7 17. b5 Na5 18. Bxb7 Nxb7 19. a4 Rc8 20. Rac1 Na5 21. Na2
Qd6 22. Qb2 Nc4 23. Qb3 Qe6 24. Nb4 Qxe3+ 25. Qxe3 Nxe3 26. Rxc8 Rxc8 27. Re1
Nf5 28. Nc6 Kf8 29. g4 Nd6 30. Nfe5 Bxe5 31. dxe5 Nc4 32. e6 a6 33. exf7 axb5
34. axb5 Nd6 35. Nxe7 Rc5 36. Nc6 Nxf7 37. Rf1 Kg7 38. Nd4 Ng5 39. h4 Rd5 40.
Ne2 Ne6 41. Rb1 Nc7 42. Nf4 Rd4 43. Rc1 Rxf4 44. Rxc7+ Kg8 45. Rc8+ Kg7 46. Rc7+
Kg8 47. Rc8+ Kf7 48. Rc7+ Ke6 49. Rc6+ Kd5 50. Kg2 Rxg4+ 51. Kh3 h5 52. Rxb6 Kc5
53. Rb8 Rb4 54. Rg8 Rg4 55. Rb8 g5 56. hxg5 Rxg5 57. b6 Kc6 58. b7 Kc7 59. Rh8
Kxb7 60. Kh4 Rb5 61. Rxh5 Rxh5+ 62. Kxh5 1/2-1/2

[Event "World Rapid Women 2021"]
[Site "Warsaw POL"]
[Date "2021.12.27"]
[Round "7.13"]
[White "Badelka, Olga"]
[Black "Kamalidenova, Meruert"]
[Result "0-1"]
[WhiteTitle "IM"]
[BlackTitle "WIM"]
[WhiteElo "2453"]
[BlackElo "2351"]
[WhiteFideId "13509926"]
[BlackFideId "13712802"]
[EventDate "2021.12.26"]

1. d4 Nf6 2. c4 g6 3. Nf3 Bg7 4. g3 c5 5. Nc3 O-O 6. Bg2 d6 7. O-O cxd4 8. Nxd4
Nbd7 9. b3 a5 10. Bb2 Nc5 11. Rb1 Bd7 12. a3 Qc8 13. Re1 Bh3 14. Bh1 h5 15. Ba1
h4 16. Qd2 hxg3 17. hxg3 Kh7 18. Rec1 Bh6 19. e3 Bf5 20. Nxf5 Qxf5 21. Nd5 Nxd5
22. Qxd5 Qg4 23. Bf3 Qh3 24. Bg2 Qg4 25. Bd4 Ne6 26. Bc3 b6 27. Qb7 Ng5 28. Qxe7
Rae8 29. Qxd6 Re6 30. Qd1 Nh3+ 31. Bxh3 Qxh3 32. Qf3 Bg7 33. Bxg7 Kxg7 34. b4
Rh8 35. bxa5 bxa5 36. Qg2 Qf5 37. Rb5 Qd3 38. Qd5 Qxa3 39. Qd4+ Rf6 40. Ra1 Qe7
41. Raxa5 Qe6 42. Qd5 Qh3 43. Qg2 Qg4 44. Ra1 Qxc4 45. Rb7 Qc3 46. Rba7 Rf5 47.
Ra8 Rfh5 48. Qe4 Qf6 49. Qd4 Rh1+ 50. Kg2 R8h2# 0-1

[Event "World Rapid Women 2021"]
[Site "Warsaw POL"]
[Date "2021.12.27"]
[Round "7.14"]
[White "Muzychuk, Anna"]
[Black "Socko, Monika"]
[Result "1/2-1/2"]
[WhiteTitle "GM"]
[BlackTitle "GM"]
[WhiteElo "2531"]
[BlackElo "2393"]
[WhiteFideId "14111330"]
[BlackFideId "1106619"]
[EventDate "2021.12.26"]

1. e4 e6 2. d4 d5 3. Nc3 Nf6 4. e5 Nfd7 5. f4 c5 6. Nf3 a6 7. Be3 Qb6 8. a3 Nc6
9. dxc5 Bxc5 10. Na4 Qa5+ 11. b4 Qxa4 12. bxc5 Na5 13. c4 Qb3 14. Kf2 dxc4 15.
Qd6 c3 16. Be2 Nc4 17. Bxc4 Qxc4 18. Rac1 Qa2+ 19. Kg3 Qxa3 20. Rhd1 c2 21. Rd3
Qa4 22. Rc3 Qc6 23. R1xc2 Qxd6 24. cxd6 O-O 25. Nd4 Nb6 26. Nxe6 Bxe6 27. Bxb6
a5 28. Rd2 Ra6 29. d7 Bxd7 30. Bxa5 Bf5 31. Bb4 Re8 32. Kf2 1/2-1/2

[Event "World Rapid Women 2021"]
[Site "Warsaw POL"]
[Date "2021.12.27"]
[Round "7.15"]
[White "Abdumalik, Zhansaya"]
[Black "Kulon, Klaudia"]
[Result "1-0"]
[WhiteTitle "GM"]
[BlackTitle "IM"]
[WhiteElo "2491"]
[BlackElo "2335"]
[WhiteFideId "13703544"]
[BlackFideId "1131044"]
[EventDate "2021.12.26"]

1. e4 c5 2. Nf3 d6 3. Bb5+ Nd7 4. d4 cxd4 5. Nxd4 Nf6 6. O-O g6 7. Re1 Bg7 8.
Bf1 O-O 9. c4 Nc5 10. Nc3 a5 11. f3 a4 12. Be3 Qa5 13. Rb1 Be6 14. Qd2 Rfc8 15.
b4 axb3 16. axb3 Qd8 17. b4 Na4 18. Nxe6 fxe6 19. Nb5 Nd7 20. Nd4 Nf8 21. Rec1
d5 22. c5 Kh8 23. Nb5 dxe4 24. fxe4 Qxd2 25. Bxd2 Rd8 26. Bg5 Rd7 27. Rc2 h6 28.
Be3 g5 29. Be2 Rad8 30. Rb3 Ng6 31. Ra2 Nb2 32. Raxb2 Bxb2 33. Rxb2 Ne5 34. h3
Kg7 35. Rb1 Kg6 36. Kf2 h5 37. Ke1 Nc6 38. Na3 e5 39. Nc4 Kf6 40. Nb6 Rd4 41.
Bxd4 exd4 42. Kd2 Ke5 43. Bd3 Kf4 44. b5 Na5 45. Kc2 Ke3 46. Ra1 1-0

[Event "World Rapid Women 2021"]
[Site "Warsaw POL"]
[Date "2021.12.27"]
[Round "7.16"]
[White "Muetsch, Annmarie"]
[Black "Girya, Olga"]
[Result "1-0"]
[WhiteTitle "WIM"]
[BlackTitle "GM"]
[WhiteElo "2279"]
[BlackElo "2416"]
[WhiteFideId "12971367"]
[BlackFideId "4195752"]
[EventDate "2021.12.26"]

1. e4 e5 2. Nf3 Nc6 3. Bc4 Bc5 4. c3 Nf6 5. d4 exd4 6. e5 d5 7. Bb5 Ne4 8. cxd4
Bb6 9. Nc3 O-O 10. Be3 Bg4 11. h3 Bh5 12. Qc2 Nxc3 13. bxc3 f6 14. exf6 Qxf6 15.
Ng5 Bg6 16. Bd3 Bxd4 17. cxd4 Nxd4 18. Qd1 Nf5 19. Bxf5 Qxf5 20. O-O Rad8 21.
Rc1 d4 22. Bd2 Qd7 23. Qg4 Bf5 24. Qg3 c6 25. Rfe1 b6 26. Re5 c5 27. Rce1 Qd6
28. Qb3+ Kh8 29. Nf7+ 1-0

[Event "World Rapid Women 2021"]
[Site "Warsaw POL"]
[Date "2021.12.27"]
[Round "7.17"]
[White "Paehtz, Elisabeth"]
[Black "Nomin-Erdene, Davaademberel"]
[Result "1-0"]
[WhiteTitle "IM"]
[BlackTitle "IM"]
[WhiteElo "2507"]
[BlackElo "2391"]
[WhiteFideId "4641833"]
[BlackFideId "4900782"]
[EventDate "2021.12.26"]

1. d4 Nf6 2. Nc3 d5 3. Bf4 c6 4. Qd2 e6 5. e3 Bd6 6. Nf3 Bxf4 7. exf4 b6 8. Ne5
c5 9. Qe3 Qe7 10. h4 Bb7 11. Bb5+ Nbd7 12. h5 h6 13. O-O-O O-O-O 14. f3 cxd4 15.
Qxd4 Nxe5 16. fxe5 Ng8 17. Bd3 Bc6 18. Kb1 Kb8 19. Ne2 Qc7 20. Qf4 f6 21. Nd4
Bd7 22. Rhe1 Ne7 23. Qg3 Rhg8 24. f4 f5 25. Qh4 Rde8 26. g4 Qc5 27. c3 g5 28.
hxg6 Rxg6 29. gxf5 exf5 30. e6 Bc8 31. Bb5 Rgg8 32. Bxe8 Rxe8 33. Qxh6 Qd6 34.
Qf6 Qxf4 35. Qf7 Qd6 36. Qxe8 1-0

[Event "World Rapid Women 2021"]
[Site "Warsaw POL"]
[Date "2021.12.27"]
[Round "7.18"]
[White "Michna, Marta"]
[Black "Wikar, Martyna"]
[Result "1-0"]
[WhiteTitle "WGM"]
[BlackTitle "WFM"]
[WhiteElo "2314"]
[BlackElo "2168"]
[WhiteFideId "1106686"]
[BlackFideId "21807663"]
[EventDate "2021.12.26"]

1. d4 Nf6 2. c3 c5 3. Nf3 e6 4. Bf4 Nc6 5. e3 d5 6. Nbd2 Bd6 7. Bg3 O-O 8. Bd3
Re8 9. Ne5 Qc7 10. f4 Ne7 11. Qf3 Nf5 12. Bf2 cxd4 13. exd4 Bf8 14. O-O b6 15.
g4 Nd6 16. g5 Nfe4 17. Nxe4 dxe4 18. Bxe4 Nxe4 19. Qxe4 Bb7 20. Qd3 Bd6 21. Rae1
Rad8 22. Bg3 Bxe5 23. fxe5 Qc6 24. Qe2 Qh1+ 25. Kf2 Qg2+ 26. Ke3 Qxe2+ 27. Kxe2
Ba6+ 28. Ke3 Bxf1 29. Rxf1 b5 30. Ke4 Rd5 31. Rc1 Rc8 32. Be1 f6 33. gxf6 gxf6
34. exf6 Kf7 35. Bg3 Kxf6 36. Be5+ Ke7 37. Rg1 Rf8 38. b3 Rdd8 39. c4 bxc4 40.
bxc4 Rg8 41. Rb1 Rg2 42. a4 Re2+ 43. Kf3 Rc2 44. c5 Rc3+ 45. Ke4 Rd7 46. a5 h5
47. a6 Rc2 48. Rb7 Re2+ 49. Kd3 Rxe5 50. Rxd7+ Kxd7 51. dxe5 Kc7 52. Kc4 Kc6 53.
h4 Kd7 54. Kb5 Kc7 55. Kb4 Kc6 56. Kc4 Kd7 57. Kb5 Kc7 58. Ka5 Kc6 59. Kb4 Kd7
60. Kb5 Kc7 61. c6 Kc8 62. Kc4 Kd8 63. Kd4 Kc8 64. Ke4 Kc7 65. Kf4 Kxc6 66. Kg5
Kd5 67. Kf6 1-0

[Event "World Rapid Women 2021"]
[Site "Warsaw POL"]
[Date "2021.12.27"]
[Round "7.19"]
[White "Garcia Martin, Marta"]
[Black "Pourkashiyan, Atousa"]
[Result "0-1"]
[WhiteTitle "IM"]
[BlackTitle "WGM"]
[WhiteElo "2325"]
[BlackElo "2322"]
[WhiteFideId "32084030"]
[BlackFideId "12502014"]
[EventDate "2021.12.26"]

1. e4 c5 2. Nc3 a6 3. g3 b5 4. Bg2 Bb7 5. Nge2 b4 6. Na4 e5 7. O-O Nf6 8. d3 Be7
9. f4 Nc6 10. fxe5 Nxe5 11. Bf4 Ng6 12. e5 Nd5 13. Qd2 Bc6 14. b3 O-O 15. d4 c4
16. bxc4 Ndxf4 17. gxf4 Bxa4 18. f5 Nh4 19. Bxa8 Bg5 20. Qd3 Qxa8 21. d5 Qa7+
22. Kh1 Qe3 23. Qxe3 Bxe3 24. a3 Bxc2 25. axb4 Be4+ 0-1

[Event "World Rapid Women 2021"]
[Site "Warsaw POL"]
[Date "2021.12.27"]
[Round "7.20"]
[White "Balajayeva, Khanim"]
[Black "Bodnaruk, Anastasia"]
[Result "1-0"]
[WhiteTitle "WGM"]
[BlackTitle "IM"]
[WhiteElo "2376"]
[BlackElo "2396"]
[WhiteFideId "13406396"]
[BlackFideId "4181751"]
[EventDate "2021.12.26"]

1. e4 c5 2. c3 Nf6 3. e5 Nd5 4. Nf3 Nc6 5. d4 cxd4 6. Bc4 Nb6 7. Bb3 g6 8. Ng5
d5 9. exd6 e6 10. Ne4 Bxd6 11. Nxd6+ Qxd6 12. O-O O-O 13. Qf3 f5 14. Rd1 f4 15.
cxd4 Nd5 16. Nc3 Rf5 17. a3 b6 18. Nxd5 exd5 19. Bxf4 Qd8 20. g4 Rxf4 21. Qxf4
Be6 22. Re1 Bf7 23. Rac1 Rc8 24. h3 a6 25. Rc3 Na5 26. Rec1 Rxc3 27. Rxc3 Nc4
28. Bxc4 dxc4 29. Re3 b5 30. Re5 Qb8 31. Qf6 Qa8 32. Re7 Qd5 33. Rc7 Qe4 34.
Qxf7+ 1-0

[Event "World Rapid Women 2021"]
[Site "Warsaw POL"]
[Date "2021.12.27"]
[Round "7.21"]
[White "Kurmangaliyeva, Liya"]
[Black "Osmak, Yuliia"]
[Result "1-0"]
[WhiteTitle "FM"]
[BlackTitle "IM"]
[WhiteElo "2195"]
[BlackElo "2419"]
[WhiteFideId "13725831"]
[BlackFideId "14101602"]
[EventDate "2021.12.26"]

1. e4 c6 2. d4 d5 3. Nc3 dxe4 4. Nxe4 Bf5 5. Ng3 Bg6 6. h4 h6 7. Nf3 Nd7 8. h5
Bh7 9. Bd3 Bxd3 10. Qxd3 e6 11. Bd2 Ngf6 12. O-O-O Be7 13. Kb1 Qb6 14. Rhe1 O-O
15. Nf5 exf5 16. Rxe7 Qd8 17. Re2 Ne4 18. Bc1 Re8 19. g3 Ndf6 20. Nh4 Qd5 21. c4
Qd7 22. Qf3 Qe6 23. Rc2 b5 24. cxb5 cxb5 25. Nxf5 Qd5 26. Ka1 b4 27. Rc7 Qa5 28.
Re7 Rxe7 29. Nxe7+ Kf8 30. Nc6 Qxh5 31. Qb3 a5 32. Be3 Nd5 33. Rc1 a4 34. Qc2
Qf5 35. Ne5 a3 36. Qc6 axb2+ 37. Kxb2 Rd8 38. g4 Qf6 39. Nd7+ Rxd7 40. Qxd7 Nec3
41. Qc8+ Ke7 42. Rc2 Qf3 43. Qc5+ Ke8 44. Bd2 Qxg4 45. Bxc3 bxc3+ 46. Kb3 Qe6
47. Qb5+ Kf8 48. Re2 Ne3+ 49. Kxc3 Qc8+ 50. Qc5+ Qxc5+ 51. dxc5 Nd5+ 52. Kc4 Nc7
53. c6 h5 54. Kc5 h4 55. Kd6 Nb5+ 56. Kc5 Nc7 57. Kd6 Nb5+ 58. Kd7 g5 59. Re8+
Kg7 60. Re5 h3 61. Rxg5+ Kh6 62. Rxb5 h2 63. Rb1 1-0

[Event "World Rapid Women 2021"]
[Site "Warsaw POL"]
[Date "2021.12.27"]
[Round "7.22"]
[White "Goryachkina, Aleksandra"]
[Black "Nurgali, Nazerke"]
[Result "1-0"]
[WhiteTitle "GM"]
[BlackTitle "WIM"]
[WhiteElo "2610"]
[BlackElo "2260"]
[WhiteFideId "4147103"]
[BlackFideId "13711261"]
[EventDate "2021.12.26"]

1. d4 d5 2. c4 e6 3. Nc3 Be7 4. cxd5 exd5 5. Bf4 Nf6 6. Qc2 O-O 7. e3 b6 8. Nf3
c5 9. Be2 Nc6 10. O-O cxd4 11. exd4 Bg4 12. Rad1 Rc8 13. h3 Bh5 14. Ne5 Bxe2 15.
Qxe2 h6 16. Qf3 Bb4 17. Ne2 Ne4 18. a3 Bd6 19. Ng3 f5 20. Qb3 Ne7 21. Nd3 Kh7
22. Ne2 Bxf4 23. Nexf4 Qd6 24. f3 Nf6 25. Rfe1 Nc6 26. Ne5 Na5 27. Qd3 Nd7 28.
Nxd7 Qxd7 29. Re5 Nc4 30. Rxd5 Qf7 31. Re1 Nxb2 32. Qb5 Nc4 33. Rd7 Nxa3 34. Qa4
Qf6 35. Qxa3 Qh4 36. Qe7 Qxe7 37. Rexe7 1-0

[Event "World Rapid Women 2021"]
[Site "Warsaw POL"]
[Date "2021.12.27"]
[Round "7.23"]
[White "Babiy, Olga"]
[Black "Berend, Elvira"]
[Result "1-0"]
[WhiteTitle "WGM"]
[BlackTitle "WGM"]
[WhiteElo "2259"]
[BlackElo "2329"]
[WhiteFideId "14117258"]
[BlackFideId "4000510"]
[EventDate "2021.12.26"]

1. d4 Nf6 2. Nf3 g6 3. Nbd2 d5 4. e3 Bg7 5. b4 O-O 6. c4 c6 7. a4 Be6 8. b5 dxc4
9. Nxc4 Nbd7 10. Ba3 cxb5 11. axb5 Rc8 12. Ncd2 Nb6 13. Bd3 Nfd5 14. O-O Nc3 15.
Qe1 Qd7 16. Bc5 Rxc5 17. dxc5 Qxd3 18. cxb6 Ne2+ 19. Kh1 Bxa1 20. Qxa1 axb6 21.
Qa7 Bd5 22. Re1 Qxb5 23. Qa3 e6 24. e4 Bc6 25. Qe3 Ra8 26. Qxe2 Qxe2 27. Rxe2
Ra2 28. Re1 b5 29. Rb1 Rc2 30. h4 h6 31. Rb4 e5 32. Kg1 g5 33. hxg5 hxg5 34. Nf1
f6 35. Ne3 Rc1+ 36. Kh2 Kf7 37. Nd2 Ke6 38. Kg3 Kd6 39. Rb2 Rc3 40. Kg4 Bd7+ 41.
Kf3 Kc5 42. Ke2 b4 43. Nb3+ Kd6 44. Nd5 Bb5+ 45. Ke1 Rc4 46. f3 f5 47. Ne3 Rc3
48. Nxf5+ Ke6 49. Na5 1-0

[Event "World Rapid Women 2021"]
[Site "Warsaw POL"]
[Date "2021.12.27"]
[Round "7.24"]
[White "Kiolbasa, Oliwia"]
[Black "Padmini, Rout"]
[Result "0-1"]
[WhiteTitle "WIM"]
[BlackTitle "IM"]
[WhiteElo "2399"]
[BlackElo "2345"]
[WhiteFideId "1154613"]
[BlackFideId "5029295"]
[EventDate "2021.12.26"]

1. e4 e5 2. Nf3 Nc6 3. Bb5 a6 4. Ba4 Nf6 5. O-O Be7 6. Re1 b5 7. Bb3 O-O 8. h3
d6 9. c3 Bb7 10. d4 Re8 11. Ng5 Rf8 12. Nf3 h6 13. Nbd2 Re8 14. a4 Bf8 15. Bc2
Qd7 16. d5 Ne7 17. Nf1 c6 18. dxc6 Bxc6 19. Ng3 g6 20. Bb3 bxa4 21. Bxa4 Bxa4
22. Qxa4 Qb7 23. Qc4 Nc6 24. Rd1 Qb5 25. Qxb5 axb5 26. Be3 Rxa1 27. Rxa1 Rc8 28.
Ra6 Nd7 29. Nd2 b4 30. Ne2 f5 31. f3 Kf7 32. Nb3 h5 33. Na5 Nxa5 34. Rxa5 Rb8
35. exf5 gxf5 36. f4 bxc3 37. bxc3 Rb2 38. Ng3 Kg6 39. Ra7 Nf6 40. fxe5 dxe5 41.
Ra6 Bg7 42. Bc5 Rc2 43. Bb4 h4 44. Nf1 f4 45. Nh2 Kf5 46. Nf3 Rc1+ 47. Kh2 Nd5
48. Nxh4+ Ke4 49. Ra4 Kd3 50. Nf5 Bf6 51. h4 Ne3 52. Ra6 Ng4+ 0-1

[Event "World Rapid Women 2021"]
[Site "Warsaw POL"]
[Date "2021.12.27"]
[Round "7.25"]
[White "Zatonskih, Anna"]
[Black "Sliwicka, Alicja"]
[Result "1/2-1/2"]
[WhiteTitle "IM"]
[BlackTitle "WIM"]
[WhiteElo "2403"]
[BlackElo "2289"]
[WhiteFideId "14101572"]
[BlackFideId "1150677"]
[EventDate "2021.12.26"]

1. d4 Nf6 2. c4 c5 3. d5 b5 4. cxb5 a6 5. bxa6 g6 6. Nc3 Bg7 7. e4 O-O 8. Nf3
Qa5 9. Bd3 Nxd5 10. Bd2 Nxc3 11. Qc2 Bxa6 12. Bxc3 Bxc3+ 13. bxc3 Nc6 14. O-O
Rfb8 15. e5 Qc7 16. Rfe1 Bxd3 17. Qxd3 Ra3 18. Qc4 h6 19. Qxc5 Qa5 20. Qe3 Kg7
21. Qd2 Qxc3 22. Qxd7 Rd8 23. Qg4 Nd4 24. Nxd4 Rxd4 25. Qe2 Rd2 26. Qe4 Rdxa2
27. Rxa2 Rxa2 28. g3 Qd2 29. Qe3 Qxe3 1/2-1/2

[Event "World Rapid Women 2021"]
[Site "Warsaw POL"]
[Date "2021.12.27"]
[Round "7.26"]
[White "Bartel, Marta"]
[Black "Zawadzka, Jolanta"]
[Result "0-1"]
[WhiteTitle "WGM"]
[BlackTitle "WGM"]
[WhiteElo "2192"]
[BlackElo "2426"]
[WhiteFideId "1123009"]
[BlackFideId "1122320"]
[EventDate "2021.12.26"]

1. d4 d5 2. Nf3 Nf6 3. c4 e6 4. Nc3 a6 5. cxd5 exd5 6. Bg5 Be6 7. e3 h6 8. Bh4
Nbd7 9. Qb3 Rb8 10. Be2 Bd6 11. Rc1 c6 12. O-O Qe7 13. Qc2 Bg4 14. Bg3 O-O 15.
Bxd6 Qxd6 16. h3 Bh5 17. Nh4 Bxe2 18. Qxe2 Qe6 19. b4 Ne4 20. Nf3 f5 21. Na4 b5
22. Nc5 Nexc5 23. dxc5 Rbe8 24. Qd2 Qg6 25. a4 Re4 26. axb5 axb5 27. Ra1 f4 28.
Ra7 Nf6 29. exf4 Nh5 30. Ne5 Rxe5 31. fxe5 Nf4 32. g3 Nxh3+ 33. Kh2 Qh5 34. Kg2
Nf4+ 35. Qxf4 Rxf4 36. gxf4 Qg4+ 37. Kh1 Qh4+ 38. Kg1 Qxf4 39. Re1 Qxb4 40. Raa1
Qg4+ 41. Kf1 Qe6 42. f4 h5 43. Kf2 h4 44. Ra8+ Kh7 45. Rg1 Qf5 46. e6 Qxf4+ 47.
Kg2 Qg4+ 48. Kh2 Qxe6 49. Ra7 Qf6 50. Rg4 Kh6 51. Rd7 g6 52. Rd6 Qf2+ 53. Rg2
Qf4+ 54. Kh3 Qf5+ 55. Kxh4 d4 56. Rg4 d3 57. Kg3 Qe5+ 58. Kh3 d2 59. Rdxg6+ Kh7
60. Rd6 Qxd6 0-1

[Event "World Rapid Women 2021"]
[Site "Warsaw POL"]
[Date "2021.12.27"]
[Round "7.27"]
[White "Zhukova, Natalia"]
[Black "Salimova, Nurgyul"]
[Result "1/2-1/2"]
[WhiteTitle "GM"]
[BlackTitle "IM"]
[WhiteElo "2335"]
[BlackElo "2353"]
[WhiteFideId "14101513"]
[BlackFideId "2915138"]
[EventDate "2021.12.26"]

1. c4 e6 2. Nc3 d5 3. d4 c6 4. e3 Nf6 5. Nf3 Nbd7 6. Bd3 g6 7. e4 dxe4 8. Nxe4
Nxe4 9. Bxe4 Bg7 10. h4 Nf6 11. Bc2 c5 12. dxc5 Qxd1+ 13. Bxd1 Ne4 14. Ba4+ Bd7
15. Bxd7+ Kxd7 16. Be3 Bxb2 17. Rb1 Bc3+ 18. Ke2 Kc6 19. Ng5 Nxg5 20. hxg5 Rad8
21. Rbd1 Rxd1 22. Rxd1 Be5 23. f4 Bc7 24. Rh1 Ba5 25. Bd4 Rd8 26. Ke3 Rd7 27.
Rxh7 Bd2+ 28. Kxd2 Rxd4+ 29. Ke3 Rd7 30. g4 Kxc5 31. f5 exf5 32. gxf5 gxf5 33.
g6 f4+ 34. Ke2 Rd6 35. gxf7 Rf6 36. f8=Q+ Rxf8 37. Rxb7 Kxc4 38. Rxa7 1/2-1/2

[Event "World Rapid Women 2021"]
[Site "Warsaw POL"]
[Date "2021.12.27"]
[Round "7.28"]
[White "Kovanova, Baira"]
[Black "Utiatskaja, Irina"]
[Result "1-0"]
[WhiteTitle "WGM"]
[BlackTitle "WIM"]
[WhiteElo "2331"]
[BlackElo "2184"]
[WhiteFideId "4164083"]
[BlackFideId "24140848"]
[EventDate "2021.12.26"]

1. e4 c5 2. Nf3 e6 3. d3 g6 4. g3 Bg7 5. Bg2 Ne7 6. O-O Nbc6 7. c3 d5 8. Qe2 b6
9. Re1 Bb7 10. Nbd2 Qc7 11. Nf1 d4 12. e5 h6 13. h4 O-O-O 14. N1d2 g5 15. Nc4 g4
16. Nh2 h5 17. Bg5 Kb8 18. a4 Rd7 19. Nf1 Ng6 20. Nd6 Ngxe5 21. Nxb7 Qxb7 22.
Bf4 f6 23. Nd2 Kc8 24. Bxe5 fxe5 25. Nc4 Rf8 26. Qe4 Nd8 27. Qg6 Qc7 28. Qxh5
dxc3 29. bxc3 Rxd3 30. Qxg4 Rxc3 31. Rad1 Rc2 32. Nd6+ Kb8 33. Qe4 1-0

[Event "World Rapid Women 2021"]
[Site "Warsaw POL"]
[Date "2021.12.27"]
[Round "7.29"]
[White "Goraj, Barbara"]
[Black "Ovod, Evgenija"]
[Result "1/2-1/2"]
[WhiteTitle "WCM"]
[BlackTitle "IM"]
[WhiteElo "2044"]
[BlackElo "2366"]
[WhiteFideId "21816166"]
[BlackFideId "4131827"]
[EventDate "2021.12.26"]

1. e4 e5 2. Nf3 Nc6 3. Bb5 Nf6 4. d3 Bc5 5. O-O d6 6. c3 O-O 7. h3 Ne7 8. d4 Bb6
9. dxe5 dxe5 10. Qc2 Ng6 11. a4 c6 12. Bc4 a5 13. b3 Nh5 14. Rd1 Qe7 15. Ba3 Bc5
16. Bxc5 Qxc5 17. Nbd2 Nhf4 18. h4 Bg4 19. Bf1 Rad8 20. g3 Nh3+ 21. Bxh3 Bxh3
22. h5 Ne7 23. Nc4 Rxd1+ 24. Rxd1 f6 25. Ne3 Be6 26. Qb2 Qb6 27. c4 Qc5 28. Qd2
Nc8 29. Nh4 Kf7 30. Nhf5 g6 31. hxg6+ hxg6 32. Nd6+ Nxd6 33. Qxd6 Qxd6 34. Rxd6
Ke7 35. Rd1 f5 36. exf5 gxf5 37. f4 exf4 38. gxf4 Rh8 39. Kf2 Rh2+ 40. Ng2 Rh3
41. Ne3 Kf6 42. Rd8 Rh1 43. Rb8 Rh7 44. Ra8 Rd7 45. Ke2 Rd4 46. Rxa5 Rxf4 47.
Ra7 Re4 48. Kf3 b5 49. axb5 cxb5 50. cxb5 Bxb3 51. Ra6+ Ke5 52. b6 Rf4+ 53. Ke2
Rb4 54. Ra5+ Ke4 55. Nxf5 Rxb6 56. Ng3+ Kd4 57. Kd2 Bd5 58. Ne2+ Kc4 59. Ra4+ 1/2-1/2

[Event "World Rapid Women 2021"]
[Site "Warsaw POL"]
[Date "2021.12.27"]
[Round "7.30"]
[White "Movsesian, Julia"]
[Black "Zabrzanska, Weronika"]
[Result "1-0"]
[WhiteTitle "WGM"]
[WhiteElo "2300"]
[BlackElo "1923"]
[WhiteFideId "4139690"]
[BlackFideId "21825173"]
[EventDate "2021.12.26"]

1. e4 e5 2. Nf3 Nc6 3. Bc4 Bc5 4. c3 Nf6 5. d4 exd4 6. b4 Bb6 7. e5 d5 8. exf6
dxc4 9. b5 Na5 10. fxg7 Rg8 11. cxd4 Qe7+ 12. Be3 Bg4 13. h3 Bh5 14. g4 Bg6 15.
O-O O-O-O 16. Nc3 h5 17. Re1 Qd7 18. Ne5 Qe6 19. gxh5 Rxg7 20. hxg6 Qxh3 21. Ne4
f5 22. Ng5 Qh8 23. Nef7 Qf8 24. Qf3 Rd7 25. Qxf5 c3 26. Bf4 Nc4 27. Nd6+ 1-0